New approaches in biomonitoring of extraneous substances in aquatic environment = Nové postupy biomonitoringu cizorodých látek ve vodním prostředí /

Hlavní autor: Červený, Daniel, 1982-
Korporativní autor: Jihočeská univerzita. Fakulta rybářství a ochrany vod
Jazyk: Angličtina
Vydáno: Vodňany : Faculty of Fisheries and Protection of Waters, University of South Bohemia in České Budějovice, 2016
Témata:
Fyzický popis: 103 stran : ilustrace ; 24 cm
Language note: Anglické a české resumé
Knihy
Uloženo v:
LEADER 02808nam a2200709 i 4500
001 nkc20193087731
003 CZ PrNK
005 20190426105108.0
007 ta
008 190409s2016 xr a f m 000 0 eng
015 |a cnb003087731 
020 |a 978-80-7514-048-7  |q (brožováno) 
035 |a (OCoLC)1100766826 
040 |a BOA001  |b cze  |e rda 
041 0 |a eng  |b cze  |b eng 
043 |a e-xr--- 
072 7 |a 639.2/.6  |x Rybářství  |2 Konspekt  |9 24 
080 |a 639.21/.22  |2 MRF 
080 |a 504.5:502.51  |2 MRF 
080 |a 639.2.052  |2 MRF 
080 |a 613.6:005.585  |2 MRF 
080 |a 502.175:574.4/.5  |2 MRF 
080 |a 574.64  |2 MRF 
080 |a 613.26/.29:504.5  |2 MRF 
080 |a (437.3)  |2 MRF 
080 |a (043.3)  |2 MRF 
080 |a (048.3)  |2 MRF 
100 1 |a Červený, Daniel,  |d 1982-  |7 jo2016913047  |4 dis 
245 1 0 |a New approaches in biomonitoring of extraneous substances in aquatic environment =  |b Nové postupy biomonitoringu cizorodých látek ve vodním prostředí /  |c Daniel Červený 
246 3 1 |a Nové postupy biomonitoringu cizorodých látek ve vodním prostředí 
264 1 |a Vodňany :  |b Faculty of Fisheries and Protection of Waters, University of South Bohemia in České Budějovice,  |c 2016 
300 |a 103 stran :  |b ilustrace ;  |c 24 cm 
336 |a text  |b txt  |2 rdacontent 
337 |a bez média  |b n  |2 rdamedia 
338 |a svazek  |b nc  |2 rdacarrier 
502 |a Teze disertace (Ph.D.)--Jihočeská univerzita v Českých Budějovicích, Fakulta rybářství a ochrany vod, 2016 
504 |a Obsahuje bibliografii a bibliografické odkazy 
546 |a Anglické a české resumé 
650 0 7 |a ryby  |7 ph116093  |2 czenas 
650 0 7 |a znečištění vod  |7 ph135444  |2 czenas 
650 0 7 |a rybářské revíry  |7 ph125369  |z Česko  |2 czenas 
650 0 7 |a hodnocení zdravotních rizik  |7 ph166234  |z Česko  |2 czenas 
650 0 7 |a biomonitoring  |7 ph180746  |z Česko  |2 czenas 
650 0 7 |a vodní toxikologie  |7 ph127166  |2 czenas 
650 0 7 |a kontaminace potravin  |7 ph134854  |2 czenas 
650 0 9 |a fishes  |2 eczenas 
650 0 9 |a water pollution  |2 eczenas 
650 0 9 |a fishing sites  |z Czechia  |2 eczenas 
650 0 9 |a biomonitoring  |z Czechia  |2 eczenas 
650 0 9 |a water toxicology  |2 eczenas 
650 0 9 |a food contaminantion  |2 eczenas 
655 7 |a disertace  |7 fd132024  |2 czenas 
655 7 |a teze  |7 fd133701  |2 czenas 
655 9 |a dissertations  |2 eczenas 
655 9 |a abstracts  |2 eczenas 
710 2 |a Jihočeská univerzita.  |b Fakulta rybářství a ochrany vod  |7 ko2010583058  |4 isb 
910 2 |a BOA001  |b 2-1425.980 
928 9 |a Jihočeská univerzita, Fakulta rybářství a ochrany vod 
990 |a BK 
995 |a 01 
991 |b 201904  |c NOV 
996 6 |b 2610779018  |c 2-1425.980  |l MZK  |r Sklad / do 1 hodiny  |n 1  |p p.v.  |w 001718913  |u 000010  |a 1  |e BOA001  |j MZK50  |s P